Fruits, Veggies, and Grains Emojis - Statistics

General Stats
  • This quiz has been taken 56 times
  • The average score is 37 of 41
Answer Stats
Hint Answer % Correct
πŸ‡ Grapes
100%
🍎🍏 Apple
98%
πŸ₯• Carrot
98%
🌽 Corn
98%
πŸ₯’ Cucumber
98%
πŸ₯¬ Lettuce
98%
πŸ‰ Watermelon
98%
🍌 Banana
95%
πŸ₯¦ Broccoli
95%
πŸ’ Cherry
95%
πŸ₯₯ Coconut
95%
πŸ† Eggplant
95%
πŸ₯ Kiwi
95%
πŸ‹ Lemon
95%
πŸ„πŸ„β€πŸŸ« Mushroom
95%
πŸ§… Onion
95%
🍊 Orange
95%
🍐 Pear
95%
🍍 Pineapple
95%
πŸ₯” Potato
95%
πŸ“ Strawberry
95%
πŸ₯‘ Avocado
93%
πŸ§„ Garlic
93%
πŸ‹β€πŸŸ© Lime
93%
πŸ‘ Peach
91%
🫐 Blueberry
89%
🍈 Cantaloupe
89%
🫘 Kidney Beans
89%
πŸ₯œ Peanut
89%
🍚 Rice
89%
πŸ… Tomato
89%
πŸ₯­ Mango
86%
πŸ«’ Olive
86%
πŸ«› Peas
84%
🍠 Sweet Potato
84%
🌢 Chili Pepper
80%
🫚 Ginger
77%
🌾 Wheat
77%
πŸ«‘ Bell Pepper
75%
🌰 Chestnut
41%
🫜 Beetroot
39%
No matching quizzes found
Score Distribution
Percent of People with Each Score
Percentile by Number Answered
Your Score History
You have not taken this quiz